Mid - year review of the economy 1990-91 (Record no. 516980)

000 -LEADER
fixed length control field 00269nam a22000977a 4500
082 ## - DEWEY DECIMAL CLASSIFICATION NUMBER
Classification number TNC
100 ## - MAIN ENTRY--PERSONAL NAME
Personal name Adiseshiah, Malcolm S.
9 (RLIN) 23859
245 ## - TITLE STATEMENT
Title Mid - year review of the economy 1990-91
Statement of responsibility, etc by Malcolm S. Adiseshiah
260 ## - PUBLICATION, DISTRIBUTION, ETC. (IMPRINT)
Place of publication, distribution, etc Delhi
Name of publisher, distributor, etc Konark Pub.
Date of publication, distribution, etc 1991
300 ## - PHYSICAL DESCRIPTION
Extent 190p.
Holdings
Withdrawn status Lost status Source of classification or shelving scheme Damaged status Koha normalized classification for sorting Not for loan Permanent location Current location Date acquired Full call number Barcode Date last seen Price effective from Koha item type
        TNC_T19X54_AD47   Indian Institute of Public Administration Indian Institute of Public Administration 2021-04-01 TNC T19x54 Ad47 Gr23714 2021-04-01 2021-04-01 GR

Powered by Koha